000 00549nam a22001937a 4500
005 20250709094635.0
008 250709b |||||||| |||| 00| 0 eng d
020 _a978-607-481-032-5
050 _aJF 1355 .D34 2010
100 _aDAFT, RICHARD L.
245 _aINTRODUCCION A LA ADMINISTRACION
250 _a6
260 _aAUSTRALIA
_bCENGAGE LEARNING,
_c2010
300 _aXXXIV,622P.:ILL
500 _aINCLUDES BIBLIOGRAPHICAL REFERENCES AND INDEX
650 _aPUBLIC ADMINISTRATION
700 _aMARCIC, DOROTHY
942 _2lcc
_cBK
999 _c215861
_d215861